000 00537nam a2200157Ia 4500
008 230907s9999||||xx |||||||||||||| ||und||
082 _a621.3
_bHAR
100 _aMuhammad Haris Khan (00000275063)
_9116736
245 0 _aOptimal Allocation and Sizing of Distributed Generation in Radial Distribution System using Honey Badger Algorithm /
260 _aUSPCAS-E, NUST,
_bIslamabad :
_c2022
300 _axiii, 41 p.
520 _aTH-404
650 _aMS-EEP Thesis MS Thesis
700 _aDr Abasin Ulasyar
_9117719
942 _cTHE
_2ddc
999 _c602082
_d602082